[Event "DSOL 05 Liga Gr-A 1st"]
[Site "Playchess.com INT"]
[Date "2020.08.05"]
[Round "7.1"]
[White "Schaper, Jan Erik"]
[Black "Neudorf, Noah Levin"]
[Result "0-1"]
[WhiteElo "1805"]
[BlackElo "1914"]
[PlyCount "82"]
[EventDate "2020.06.22"]
[EventType "team-tourn (rapid)"]
[EventCountry "GER"]
[SourceTitle "EXT 2021"]
[Source "ChessBase"]
[SourceDate "2020.10.23"]
[SourceVersion "1"]
[SourceVersionDate "2020.10.23"]
[SourceQuality "1"]
[WhiteTeam "Kaltenkirchen"]
[BlackTeam "Knappen Wittekinds"]
[WhiteTeamCountry "GER"]
[BlackTeamCountry "GER"]

1. d4 b6 2. Bf4 Bb7 3. Nc3 e6 4. a3 Nf6 5. e3 Be7 6. Nf3 d6 7. Bd3 Nbd7 8. h3 0-0 9. 0-0 c5 10. Rc1 a6 11. Ng5 b5 12. Nge4 c4 13. Nxf6+ Nxf6 14. Be2 Qd7 15. Bf3 a5 16. Nb1 b4 17. c3 Bxf3 18. Qxf3 d5 19. Qd1 bxa3 20. bxa3 a4 21. Rc2 Rfc8 22. Rb2 Bd6 23. Bxd6 Qxd6 24. Rb4 Rcb8 25. Rxa4 Rxa4 26. Qxa4 Rb2 27. Qd1 Ne4 28. Qc1 Qb6 29. Qd1 Kf8 30. f3 Ng3 31. Re1 Qb3 32. Qxb3 cxb3 33. Kh2 Nf5 34. e4 Nh4 35. Kg3 Nxg2 36. Rc1 Ne3 37. Kf4 Rc2 38. Rg1 Nc4 39. Kg3 b2 40. a4 Ke7 41. a5 Kd7 0-1

[Event "GER-chT U20"]
[Site "Duesseldorf"]
[Date "2017.12.29"]
[Round "6.5"]
[White "Bruell, Elias"]
[Black "Neudorf, Noah Levin"]
[Result "1-0"]
[WhiteElo "1802"]
[BlackElo "1830"]
[PlyCount "91"]
[EventDate "2017.12.27"]
[EventType "team-swiss"]
[EventRounds "7"]
[EventCountry "GER"]
[SourceTitle "CBM 182 Extra"]
[Source "ChessBase"]
[SourceDate "2018.02.23"]
[SourceVersion "1"]
[SourceVersionDate "2018.02.23"]
[SourceQuality "1"]
[WhiteTeam "Regensburg Bavaria U20"]
[BlackTeam "Lippstadt Turm U20"]
[WhiteTeamCountry "GER"]
[BlackTeamCountry "GER"]

1. e4 b6 2. d4 Bb7 3. Bd3 Nf6 4. Nc3 e6 5. Nge2 Bb4 6. a3 Be7 7. f3 c5 8. Be3 cxd4 9. Nxd4 Nc6 10. Qd2 Rc8 11. 0-0-0 d5 12. exd5 Nxd5 13. Nxd5 Qxd5 14. Bb5 0-0 15. Nxc6 Bxc6 16. Qxd5 Bxd5 17. Kb1 Bf6 18. Bd4 Bxd4 19. Rxd4 Rc5 20. c4 Bb7 21. b4 Rc7 22. Rc1 g6 23. Rd3 Rfc8 24. Rdc3 a6 25. Ba4 b5 26. Bb3 Bd5 27. c5 Bxb3 28. Rxb3 Rd8 29. Rbc3 Rc6 30. Kc2 Kf8 31. Rd3 Rxd3 32. Kxd3 Ke7 33. Ra1 a5 34. Kd4 a4 35. Rd1 f6 36. Ke4 h6 37. f4 Ra6 38. Rd2 Rc6 39. Rd3 Ra6 40. Rd1 Rc6 41. g4 Ra6 42. f5 g5 43. fxe6 Rxe6+ 44. Kd4 Kd7 45. Rd3 Kc7 46. Re3 1-0

[Event "GER-chT U20"]
[Site "Duesseldorf"]
[Date "2017.12.27"]
[Round "1.5"]
[White "Neudorf, Noah Levin"]
[Black "Muenk, Johannes"]
[Result "1-0"]
[WhiteElo "1830"]
[BlackElo "1540"]
[PlyCount "91"]
[EventDate "2017.12.27"]
[EventType "team-swiss"]
[EventRounds "7"]
[EventCountry "GER"]
[SourceTitle "CBM 182 Extra"]
[Source "ChessBase"]
[SourceDate "2018.02.23"]
[SourceVersion "1"]
[SourceVersionDate "2018.02.23"]
[SourceQuality "1"]
[WhiteTeam "Lippstadt Turm U20"]
[BlackTeam "Darmstadt Schachforum U20"]
[WhiteTeamCountry "GER"]
[BlackTeamCountry "GER"]

1. b3 d5 2. Bb2 c5 3. e3 Nc6 4. Bb5 e6 5. f4 Nf6 6. Nf3 Be7 7. 0-0 0-0 8. Bxc6 bxc6 9. Ne5 Qc7 10. Nc3 Ba6 11. Ne2 Rad8 12. d3 c4 13. Ng3 Qb6 14. Re1 Bb4 15. c3 Be7 16. d4 c5 17. Ba3 Rc8 18. Rb1 Qa5 19. Qc1 Rc7 20. dxc5 Rb8 21. b4 Qb5 22. Qc2 Nd7 23. Nxd7 Qxd7 24. Rbd1 Bb5 25. Rd2 Ba4 26. Qc1 f5 27. e4 Bh4 28. exd5 Bxg3 29. hxg3 exd5 30. Re5 Bc6 31. Qc2 g6 32. Rd4 Re8 33. Qe2 Rcc8 34. Bc1 Kf7 35. Rd1 Ba4 36. Re1 Bb5 37. Be3 Ba4 38. Bd4 Bc6 39. Kf2 Bb5 40. Rh1 Kf8 41. Re1 Kf7 42. Qf1 Qb7 43. Qh1 Kg8 44. Qh4 Qf7 45. Re7 Rxe7 46. Rxe7 1-0

[Event "Enger Knappen Cup op-B"]
[Site "Enger"]
[Date "2009.12.27"]
[Round "2"]
[White "Neudorf, Noah Levin"]
[Black "Werner, Haida"]
[Result "0-1"]
[WhiteElo "795"]
[BlackElo "1300"]
[PlyCount "72"]
[EventDate "2009.12.27"]
[EventType "swiss"]
[EventRounds "7"]
[EventCountry "GER"]
[SourceTitle "EXT 2011"]
[Source "ChessBase"]
[SourceDate "2010.11.26"]
[SourceVersion "1"]
[SourceVersionDate "2010.11.26"]
[SourceQuality "1"]

1. e4 e5 2. Nc3 Nf6 3. Bc4 Bc5 4. d3 h6 5. Nf3 Nc6 6. 0-0 d6 7. Be3 Nd4 8. a3 Bg4 9. Nd5 c6 10. Nxf6+ Qxf6 11. Bxd4 Bxd4 12. c3 Bb6 13. b4 a6 14. h3 Bxf3 15. gxf3 Qf4 16. d4 0-0 17. d5 c5 18. bxc5 Bxc5 19. Qe2 b5 20. Bd3 Rac8 21. c4 bxc4 22. Bxc4 a5 23. Ba6 Rc7 24. Rfc1 Rb8 25. Rab1 Qg3+ 26. Kh1 Qxh3+ 27. Kg1 Rxb1 28. Rxb1 Bxa3 29. Rb8+ Kh7 30. Rb1 Rc3 31. Bd3 Bc5 32. f4 Qg3+ 33. Kh1 Qxf4 34. Rd1 Bxf2 35. Rd2 Qh4+ 36. Kg2 Qg3+ 0-1